| 000 | 00413nam a2200157Ia 4500 | ||
|---|---|---|---|
| 008 | 230711s9999||||xx |||||||||||||| ||und|| | ||
| 041 | _aENG | ||
| 082 |
_a720 _bTU-H |
||
| 100 | _aTurner,Mark | ||
| 245 | 0 |
_aHome decorating source books _b Mark Turner, Lesley Hoskins |
|
| 250 | _a1st . Ed. | ||
| 260 |
_c1988 _aNew Jersey _bCrescent Books |
||
| 650 | _aArchitecture | ||
| 700 | _aHoskins,Lesley | ||
| 942 | _cBK | ||
| 999 |
_c3927 _d3927 |
||